000 00539nam a2200193Ia 4500
999 _c6905
_d6905
003 OSt
005 20200129123242.0
008 190216s9999||||xx |||||||||||||| ||und||
020 _a8183180957
040 _coclc
082 _a368
_bGUP/F
100 1 _aGupta, P. K.,
_9133
_cPh. D., D. Litt.
245 0 _aFundamentals Of Insurance /
_cP K Gupta
250 _a1st ed.
260 _bHimalaya Publishing House,
_aMumbai:
_c2004.
300 _a236p
650 _xInsurance
942 _cBK
_2ddc
_h368
_iGUP/F
_k368
_mGUP/F